| 000 | 00668nam a22001697a 4500 | ||
|---|---|---|---|
| 003 | BD-DhUL | ||
| 005 | 20160829193153.0 | ||
| 008 | 160829b xxu||||| |||| 00| 0 eng d | ||
| 040 | _cBD-DhUL | ||
| 082 |
_a923.173 _bLIS |
||
| 100 | _aএব্রাহাম লিঙ্কন | ||
| 245 |
_aএব্রাহাম লিঙ্কন : _bপ্রেইরী আমল ও যুদ্ধ আমলের ইতিবৃত্ত / _cএব্রাহাম লিঙ্কন |
||
| 260 |
_aঢাকা : _bপিপলস, _c১৯৬৮. |
||
| 300 |
_a১০২০ পৃ. ; _c২৪ সেমি. |
||
| 650 |
_aইতিহাস _vHistory |
||
| 942 |
_2ddc _cBK |
||
| 999 |
_c102628 _d102628 |
||